| Tag |
First Indicator |
Second Indicator |
Subfields |
| LEADER |
00000cam a2200000 4500 |
| 001 |
in00000282963 |
| 005 |
20151010090920.0 |
| 008 |
720501r19691909nyua 00100 eng |
| 010 |
|
|
|a 68055185
|
| 020 |
|
|
|a 0837113490
|
| 035 |
|
|
|a (OCoLC)00313933
|
| 035 |
|
|
|9 ABG4972AM
|
| 040 |
|
|
|a DLC
|c DLC
|d TXA
|d UtOrBLW
|
| 041 |
1 |
|
|a eng
|a ita
|
| 043 |
|
|
|a fc-----
|
| 049 |
|
|
|a TXAM
|c [1144926]
|
| 050 |
0 |
0 |
|a DT351
|b .R8813 1969
|
| 082 |
0 |
|
|a 916.7/04
|
| 245 |
0 |
0 |
|a Ruwenzori ;
|b an account of the expedition of H. R. H. Prince Luigi Amedeo of Savoy, Duke of the Abruzzi /
|c by Filippo de Filippi. With a pref. by H. R. H. the Duke of the Abruzzi.
|
| 250 |
|
|
|a 2d impression.
|
| 264 |
|
1 |
|a New York :
|b Greenwood Press,
|c [1969]
|
| 300 |
|
|
|a xvi, 407 pages :
|b illustrations ;
|c 27 cm.
|
| 336 |
|
|
|a text
|b txt
|2 rdacontent
|
| 337 |
|
|
|a unmediated
|b n
|2 rdamedia
|
| 338 |
|
|
|a volume
|b nc
|2 rdacarrier
|
| 500 |
|
|
|a Translation of Il Ruwenzori; viaggio di esplorazione ...
|
| 500 |
|
|
|a Reprint of the 1909 edition.
|
| 650 |
|
0 |
|a Scientific expeditions.
|
| 651 |
|
0 |
|a Ruwenzori Mountains (Congo and Uganda)
|
| 651 |
|
0 |
|a Africa, Central
|x Description and travel.
|
| 700 |
1 |
|
|a Savoia, Luigi Amedeo di,
|c duca degli Abruzzi,
|d 1873-1933.
|
| 700 |
1 |
|
|a De Filippi, Filippo,
|d 1869-1938.
|
| 999 |
|
|
|a MARS
|
| 999 |
f |
f |
|s 9bb02a58-f17e-372a-bec1-2b2b5362f962
|i 3ef6e28c-89db-347b-890e-fac0f8946ba6
|t 0
|
| 952 |
f |
f |
|p ric
|a Texas A&M University
|b Rellis Campus
|c Joint Library Facility
|d Remote Storage
|t 0
|e DT351 .R8813 1969
|h Library of Congress classification
|i unmediated -- volume
|m A14802091038
|
| 998 |
f |
f |
|a DT351 .R8813 1969
|t 0
|l Remote Storage
|